000 00824cam a22002653a 4500
001 469
003 PGUSA
005 20140828082948.0
008 040919s2004||||xxu|||||s|||||000 1 eng d
040 _aPGUSA
_beng
042 _adc
050 4 _aPQ
100 1 _aBalzac, Honoré de,
_d1799-1850
245 1 4 _aThe Duchesse of Langeais
_h[electronic resource] /
_cHonoré de Balzac
260 _bProject Gutenberg,
_c2004
500 _aSecond part of the trilogy, "The Thirteen."
506 _aPublic domain in the USA.
516 _aElectronic text
653 _aFrench fiction -- Translations into English
653 _aFrance -- Social life and customs -- 19th century -- Fiction
700 1 _aMarriage, Ellen
830 0 _aProject Gutenberg
_v469
856 4 0 _uhttp://www.gutenberg.org/ebooks/469
942 _cEB
999 _c229820
_d229820